000 00407nam a22001337a 4500
003 SGT
020 _a9788195507986
082 _a345.06
_bSOH
100 _aSOHONI
245 _aAN EXHAUSTIVE COMMENTARY ON THE BHARATIYA SAKSHYA ADHINIYAM 2023
_bACT NO 47 OF 2003 WEF 1.7.2024 REPLACING THE INDIAN EVIDENCE ACT 1872
260 _aPRAYAGRAJ
_bPREMIER PUBLISHING HOUSE
_c2025
300 _a1171
942 _2ddc
_cBK
999 _c34087
_d34087